<?xml version="1.0" encoding="UTF-8"?>
<record
    xmlns:xsi="http://www.w3.org/2001/XMLSchema-instance"
    xsi:schemaLocation="http://www.loc.gov/MARC21/slim http://www.loc.gov/standards/marcxml/schema/MARC21slim.xsd"
    xmlns="http://www.loc.gov/MARC21/slim">

  <leader>03361njm a2200589Ia 4500</leader>
  <controlfield tag="001">21152</controlfield>
  <controlfield tag="003">IT-RoPAU</controlfield>
  <controlfield tag="005">20220918181154.0</controlfield>
  <controlfield tag="008">131025s9999    xx            000 0 und d</controlfield>
  <datafield tag="040" ind1=" " ind2=" ">
    <subfield code="a">IT-RoPAU</subfield>
  </datafield>
  <datafield tag="040" ind1=" " ind2=" ">
    <subfield code="c">IT-RoPAU</subfield>
  </datafield>
  <datafield tag="041" ind1=" " ind2=" ">
    <subfield code="a">ITALIANO</subfield>
  </datafield>
  <datafield tag="999" ind1=" " ind2=" ">
    <subfield code="c">102396</subfield>
    <subfield code="d">102396</subfield>
  </datafield>
  <datafield tag="999" ind1=" " ind2=" ">
    <subfield code="b">n.d.</subfield>
  </datafield>
  <datafield tag="100" ind1=" " ind2=" ">
    <subfield code="a">AA.VV.</subfield>
    <subfield code="9">794</subfield>
  </datafield>
  <datafield tag="100" ind1=" " ind2=" ">
    <subfield code="e">Autore musica</subfield>
    <subfield code="9">5171</subfield>
  </datafield>
  <datafield tag="100" ind1=" " ind2=" ">
    <subfield code="g">Codice autore musica SPICS: 12000</subfield>
    <subfield code="9">796</subfield>
  </datafield>
  <datafield tag="245" ind1=" " ind2=" ">
    <subfield code="a">Caleidoscopio musicale (Lp Hit 30.222)</subfield>
  </datafield>
  <datafield tag="250" ind1=" " ind2=" ">
    <subfield code="a">1a ed.</subfield>
  </datafield>
  <datafield tag="260" ind1=" " ind2=" ">
    <subfield code="a">ITALIA</subfield>
  </datafield>
  <datafield tag="260" ind1=" " ind2=" ">
    <subfield code="b">HIT RECORDS</subfield>
  </datafield>
  <datafield tag="300" ind1=" " ind2=" ">
    <subfield code="a">DISCO</subfield>
  </datafield>
  <datafield tag="500" ind1=" " ind2=" ">
    <subfield code="a">Musica strumentale</subfield>
  </datafield>
  <datafield tag="505" ind1=" " ind2=" ">
    <subfield code="a">Caleidoscopio - Un giorno amerai anche tu - Chiss&#xE0; come finir&#xE0; - Sorridi alla vita - Allegri pentagrammi - Angelo dei fiori - Un filo d'erba - Belo Horizonte - Ultime ore - Madrugada - Guard rail - Il mare in settembre - Manita - Spensieratamente</subfield>
  </datafield>
  <datafield tag="511" ind1=" " ind2=" ">
    <subfield code="a">Complesso Ruthuard e i suoi solisti</subfield>
  </datafield>
  <datafield tag="650" ind1=" " ind2=" ">
    <subfield code="a">STRUMENTALE [DISCHI]</subfield>
    <subfield code="e">Codice MATERIA SPICS: 9950</subfield>
    <subfield code="9">828</subfield>
  </datafield>
  <datafield tag="700" ind1=" " ind2=" ">
    <subfield code="a">Ruthuard </subfield>
    <subfield code="g">Codice interprete SPICS: 11133</subfield>
    <subfield code="9">5172</subfield>
    <subfield code="e">Interprete</subfield>
  </datafield>
  <datafield tag="700" ind1=" " ind2=" ">
    <subfield code="a">Raspanti M.</subfield>
    <subfield code="g">Codice autore musica SPICS: 14383</subfield>
    <subfield code="e">Autore musica</subfield>
    <subfield code="p">Caleidoscopio</subfield>
    <subfield code="9">5173</subfield>
  </datafield>
  <datafield tag="700" ind1=" " ind2=" ">
    <subfield code="a">Sciascia</subfield>
    <subfield code="g">Codice autore SPICS: 24608</subfield>
    <subfield code="e">Autore</subfield>
    <subfield code="p">Caleidoscopio</subfield>
    <subfield code="9">5174</subfield>
  </datafield>
  <datafield tag="700" ind1=" " ind2=" ">
    <subfield code="a">Surace D.</subfield>
    <subfield code="g">Codice autore musica SPICS: 22538</subfield>
    <subfield code="e">Autore musica</subfield>
    <subfield code="p">Un giorno amerai anche tu - Il mare in settembre</subfield>
    <subfield code="9">5175</subfield>
  </datafield>
  <datafield tag="700" ind1=" " ind2=" ">
    <subfield code="a">Gioia</subfield>
    <subfield code="g">Codice autore SPICS: 24609</subfield>
    <subfield code="e">Autore</subfield>
    <subfield code="p">Un giorno amerai anche tu</subfield>
    <subfield code="9">5176</subfield>
  </datafield>
  <datafield tag="700" ind1=" " ind2=" ">
    <subfield code="a">Pelleus </subfield>
    <subfield code="g">Codice autore musica SPICS: 24144</subfield>
    <subfield code="e">Autore musica</subfield>
    <subfield code="p">Chiss&#xE0; come finir&#xE0; - Belo Horizonte</subfield>
    <subfield code="9">5177</subfield>
  </datafield>
  <datafield tag="700" ind1=" " ind2=" ">
    <subfield code="a">Gallerani</subfield>
    <subfield code="g">Codice autore SPICS: 24610</subfield>
    <subfield code="e">Autore</subfield>
    <subfield code="p">Chiss&#xE0; come finir&#xE0;</subfield>
    <subfield code="9">5178</subfield>
  </datafield>
  <datafield tag="700" ind1=" " ind2=" ">
    <subfield code="a">Damele</subfield>
    <subfield code="g">Codice autore musica SPICS: 24141</subfield>
    <subfield code="e">Autore musica</subfield>
    <subfield code="p">Sorridi alla vita</subfield>
    <subfield code="9">5179</subfield>
  </datafield>
  <datafield tag="700" ind1=" " ind2=" ">
    <subfield code="a">Totti</subfield>
    <subfield code="g">Codice autore SPICS: 24611</subfield>
    <subfield code="e">Autore</subfield>
    <subfield code="p">Sorridi alla vita</subfield>
    <subfield code="9">5180</subfield>
  </datafield>
  <datafield tag="700" ind1=" " ind2=" ">
    <subfield code="a">Alfieri</subfield>
    <subfield code="g">Codice autore musica SPICS: 24559</subfield>
    <subfield code="e">Autore musica</subfield>
    <subfield code="p">Allegri pentagrammi - Guard rail</subfield>
    <subfield code="9">5181</subfield>
  </datafield>
  <datafield tag="700" ind1=" " ind2=" ">
    <subfield code="a">Benedetto</subfield>
    <subfield code="g">Codice autore SPICS: 13364</subfield>
    <subfield code="e">Autore</subfield>
    <subfield code="p">Allegri pentagrammi - Guard rail</subfield>
    <subfield code="9">5182</subfield>
  </datafield>
  <datafield tag="700" ind1=" " ind2=" ">
    <subfield code="a">Monti Elvio</subfield>
    <subfield code="g">Codice autore musica SPICS: 11030</subfield>
    <subfield code="e">Autore musica</subfield>
    <subfield code="p">Angelo dei fiori</subfield>
    <subfield code="9">5183</subfield>
  </datafield>
  <datafield tag="700" ind1=" " ind2=" ">
    <subfield code="a">Fera F.</subfield>
    <subfield code="g">Codice autore SPICS: 23070</subfield>
    <subfield code="e">Autore</subfield>
    <subfield code="p">Angelo dei fiori</subfield>
    <subfield code="9">5184</subfield>
  </datafield>
  <datafield tag="700" ind1=" " ind2=" ">
    <subfield code="a">Ruthuard</subfield>
    <subfield code="g">Codice autore musica SPICS: 11133</subfield>
    <subfield code="e">Autore musica</subfield>
    <subfield code="p">Un filo d'erba - Manita</subfield>
    <subfield code="9">5185</subfield>
  </datafield>
  <datafield tag="700" ind1=" " ind2=" ">
    <subfield code="a">Principi</subfield>
    <subfield code="g">Codice autore SPICS: 24612</subfield>
    <subfield code="e">Autore</subfield>
    <subfield code="p">Un filo d'erba</subfield>
    <subfield code="9">5186</subfield>
  </datafield>
  <datafield tag="700" ind1=" " ind2=" ">
    <subfield code="a">Gambalunga</subfield>
    <subfield code="g">Codice autore testo/musica SPICS: 24655</subfield>
    <subfield code="e">Autore testo/musica</subfield>
    <subfield code="p">Un filo d'erba</subfield>
    <subfield code="9">5187</subfield>
  </datafield>
  <datafield tag="700" ind1=" " ind2=" ">
    <subfield code="a">Raspanti M.</subfield>
    <subfield code="g">Codice autore musica SPICS: 14383</subfield>
    <subfield code="e">Autore musica</subfield>
    <subfield code="p">Ultime ore</subfield>
    <subfield code="9">5188</subfield>
  </datafield>
  <datafield tag="700" ind1=" " ind2=" ">
    <subfield code="a">Lanzione</subfield>
    <subfield code="g">Codice autore SPICS: 24613</subfield>
    <subfield code="e">Autore</subfield>
    <subfield code="p">Ultime ore</subfield>
    <subfield code="9">5189</subfield>
  </datafield>
  <datafield tag="700" ind1=" " ind2=" ">
    <subfield code="a">Licrate</subfield>
    <subfield code="g">Codice autore musica SPICS: 24527</subfield>
    <subfield code="e">Autore musica</subfield>
    <subfield code="p">Madrugada</subfield>
    <subfield code="9">5190</subfield>
  </datafield>
  <datafield tag="700" ind1=" " ind2=" ">
    <subfield code="a">Lombardi Gianfranco</subfield>
    <subfield code="g">Codice autore SPICS: 15823</subfield>
    <subfield code="e">Autore</subfield>
    <subfield code="p">Madrugada</subfield>
    <subfield code="9">5191</subfield>
  </datafield>
  <datafield tag="700" ind1=" " ind2=" ">
    <subfield code="a">Mendozzi</subfield>
    <subfield code="g">Codice autore SPICS: 24614</subfield>
    <subfield code="e">Autore</subfield>
    <subfield code="p">Il mare in settembre</subfield>
    <subfield code="9">5192</subfield>
  </datafield>
  <datafield tag="700" ind1=" " ind2=" ">
    <subfield code="a">Parini</subfield>
    <subfield code="g">Codice autore testo SPICS: 24656</subfield>
    <subfield code="e">Autore testo</subfield>
    <subfield code="p">Il mare in settembre</subfield>
    <subfield code="9">5193</subfield>
  </datafield>
  <datafield tag="700" ind1=" " ind2=" ">
    <subfield code="a">Fusini</subfield>
    <subfield code="g">Codice autore SPICS: 24615</subfield>
    <subfield code="e">Autore</subfield>
    <subfield code="p">Manita</subfield>
    <subfield code="9">5194</subfield>
  </datafield>
  <datafield tag="700" ind1=" " ind2=" ">
    <subfield code="a">Damele</subfield>
    <subfield code="g">Codice autore musica SPICS: 24141</subfield>
    <subfield code="e">Autore musica</subfield>
    <subfield code="p">Spensieratamente</subfield>
    <subfield code="9">5195</subfield>
  </datafield>
  <datafield tag="700" ind1=" " ind2=" ">
    <subfield code="a">Terruzzi</subfield>
    <subfield code="g">Codice autore SPICS: 24616</subfield>
    <subfield code="e">Autore</subfield>
    <subfield code="p">Spensieratamente</subfield>
    <subfield code="9">5196</subfield>
  </datafield>
  <datafield tag="942" ind1=" " ind2=" ">
    <subfield code="c">MD</subfield>
    <subfield code="2">ddc</subfield>
  </datafield>
  <datafield tag="952" ind1=" " ind2=" ">
    <subfield code="0">0</subfield>
    <subfield code="1">0</subfield>
    <subfield code="4">0</subfield>
    <subfield code="6">21152_000000000000000</subfield>
    <subfield code="7">1</subfield>
    <subfield code="a">SPICS</subfield>
    <subfield code="b">SPICS</subfield>
    <subfield code="d">2013-10-25</subfield>
    <subfield code="l">0</subfield>
    <subfield code="o">21152</subfield>
    <subfield code="r">2013-10-25 00:00:00</subfield>
    <subfield code="w">2013-10-25</subfield>
    <subfield code="y">MD</subfield>
    <subfield code="z">Progr. Ins.: 4454 / N.Vol.: 1 / Copie: 1 - Copia rara: n.d. / date import: 01.01.2014 - By Epidotti, Trombetti, Vaglietti</subfield>
  </datafield>
</record>
